01604cam a22003854a 450000100090000000300090000900500170001800800410003502000280007602000180010404000380012208200230016010000310018324501150021426400370032926400100036630000450037633600260042133700280044733800270047550400510050265000350055365000390058865000340062765000280066165000300068965300110071965500170073085600810074785601060082885600910093494200120102599900170103795201640105414093787EG-ScBUE20221030131254.0050831t2006 nyua f b 001 0 eng d a0071469826 (alk. paper) a9780071469821 aDLCbengerdacDLCdDLCdEG-ScBUE04a721.04672222bGEV1 aGevorkian, Peter,eauthor.10aSustainable energy systems in architectural design :ba blueprint for green building /cPeter Gevorkian, Ph.D. 1aNew York :bMcGraw-Hill,c[2006] 4cc2006 axii, 251 pages :billustrations ;c25 cm 2rdacontentatextbtxt 2rdamediaaunmediatedbn 2rdacarrieravolumebnc aIncludes bibliographical references and index. 7aElectric power systems.2BUEsh 7aPhotovoltaic power systems.2BUEsh 7aSustainable buildings.2BUEsh 7aSolar buildings.2BUEsh 7aWind power plants.2BUEsh bENGARC vReading book413Table of contents onlyuhttp://www.loc.gov/catdir/toc/fy0604/2005054461.html423Contributor biographical informationuhttp://www.loc.gov/catdir/enhancements/fy0625/2005054461-b.html423Publisher descriptionuhttp://www.loc.gov/catdir/enhancements/fy0625/2005054461-d.html 2ddccBB c10399d10399 00102ddc40708AlahramaMAINbMAINc2NDd2009-01-25epurchaseg511.40h6471l7m14o721.04672 GEVp000015077r2025-09-29 00:00:00s2024-09-22w2009-01-25yBB